Bioinformatics / (Record no. 147911)

MARC details
000 -LEADER
fixed length control field 00607nam a22002057a 4500
005 - DATE AND TIME OF LATEST TRANSACTION
control field 20180105155547.0
010 ## - LCCN (DPL NO)
LC control number ENG-121797
020 ## - INTERNATIONAL STANDARD BOOK NUMBER
International Standard Book Number 9788189941277
Terms of availability 220.00
035 ## - SYSTEM CONTROL NUMBER
System control number EN-105329
037 ## - SOURCE OF ACQUISITION
Source of stock number/acquisition DBAD/PUB
082 ## - DEWEY DECIMAL CLASSIFICATION NUMBER
Classification number 572.80285
100 ## - MAIN ENTRY--PERSONAL NAME
Personal name Sundaralingam.R
245 ## - TITLE STATEMENT
Title Bioinformatics /
Statement of responsibility, etc by Sundaralingam.R
260 ## - PUBLICATION, DISTRIBUTION, ETC. (IMPRINT)
Place of publication, distribution, etc Tamilnadu
Name of publisher, distributor, etc Saras publication
Date of publication, distribution, etc 2010
270 ## - ADDRESS
Address 114/35G,A.R.P.camp road,Periavilai, Nagercoil
City Tamilnadu
Postal code 629002
300 ## - PHYSICAL DESCRIPTION
Extent xi,704p.
Other physical details ill.
Dimensions 22cm(Pbk)
500 ## - GENERAL NOTE
General note Includes index
700 ## - ADDED ENTRY--PERSONAL NAME
Personal name Kumaresan.V
942 ## - ADDED ENTRY ELEMENTS (KOHA)
Source of classification or shelving scheme Dewey Decimal Classification
Item type English Books
Classification part 572.80285
Call number suffix SUN
Holdings
Withdrawn status Lost status Not for loan Collection code Home library Current library Date acquired Source of acquisition Cost, normal purchase price Full call number Barcode Copy number Cost, replacement price Koha item type
    Not For Loan Non-fiction D.B.Act.Division Bawana 08/12/2017 DBAD/PUB 220.00 572.80285 SUN EN-105329 1 220.00 English Books

© Delhi Public Library
Hit Counter
free hit counter